One Piece - Combat ! #3 (Edition grand corsaire) - Statistiques

Statistiques générales
  • Ce quiz a été pris 72 fois
  • Le résultat moyen est 27 sur 44
Statistiques - réponses
Question Tuile Select % Correct
Dracule Mihawk, Oeil de Faucon Oui
85%
Baggy, le Clown aux Mille Pièces Oui
85%
Bartholomew Kuma, le Tyran Oui
84%
Baggy, le Clown aux Mille Pièces Oui
84%
Baggy, le Clown aux Mille Pièces Oui
82%
Bartholomew Kuma, le Tyran Oui
80%
Don Quichotte Doflamingo, le Démon Céleste Oui
80%
Gecko Moria Oui
80%
Boa Hancock, l'Impératrice Pirate Oui
80%
Trafalgar D. Water Law, le Chirurgien de la Mort Oui
80%
Dracule Mihawk, Oeil de Faucon Oui
78%
Don Quichotte Doflamingo, le Démon Céleste Oui
78%
Sir Crocodile Oui
76%
Edward Weevil, Alias Barbe Blanche Junior Oui
76%
Bartholomew Kuma, le Tyran Oui
75%
Edward Weevil, Alias Barbe Blanche Junior Oui
75%
Gecko Moria Oui
73%
Edward Weevil, Alias Barbe Blanche Junior Oui
73%
Dracule Mihawk, Oeil de Faucon Non
71%
Boa Hancock, l'Impératrice Pirate Non
71%
Trafalgar D. Water Law, le Chirurgien de la Mort Non
71%
Baggy, le Clown aux Mille Pièces Oui
71%
Gecko Moria Oui
67%
Jinbe, le Paladin des Mers Non
67%
Jinbe, le Paladin des Mers Oui
65%
Dracule Mihawk, Oeil de Faucon Non
64%
Don Quichotte Doflamingo, le Démon Céleste Oui
62%
Gecko Moria Oui
62%
Marshall D. Teach, Alias Barbe Noire Oui
58%
Boa Hancock, l'Impératrice Pirate Non
56%
Sir Crocodile Oui
47%
Trafalgar D. Water Law, le Chirurgien de la Mort Non
45%
Don Quichotte Doflamingo, le Démon Céleste Non
44%
Marshall D. Teach, Alias Barbe Noire Non
44%
Trafalgar D. Water Law, le Chirurgien de la Mort Non
44%
Marshall D. Teach, Alias Barbe Noire Non
42%
Jinbe, le Paladin des Mers Oui
40%
Bartholomew Kuma, le Tyran Oui
35%
Sir Crocodile Non
31%
Boa Hancock, l'Impératrice Pirate Non
27%
Edward Weevil, Alias Barbe Blanche Junior Non
27%
Sir Crocodile Non
20%
Jinbe, le Paladin des Mers Oui
15%
Marshall D. Teach, Alias Barbe Noire Non
11%
Aucun quiz correspondant
Distribution des résultats
% des personnes avec chaque résultat
Percentile par nombre de réponses
Votre historique - résultats
Vous n’avez pas pris ce quiz